MARC

LEADER 00000nam0a2200000 4500
001 311273
005 20231102002353.0
035 |a (RuTPU)RU\TPU\book\336630 
090 |a 311273 
100 |a 20151204d1981 m y0rusy5003 ca 
101 0 |a rus 
102 |a RU 
105 |a a j 000zy 
200 1 |a Задачи по физике  |e учебное пособие  |f под ред. О. Я. Савченко 
210 |a Москва  |c Наука  |d 1981 
215 |a 431 с.  |c ил. 
606 1 |a Физика  |2 stltpush  |3 (RuTPU)RU\TPU\subj\63709  |9 80688 
610 1 |a задачи 
610 1 |a учебные пособия 
610 1 |a кинематика 
610 1 |a динамика 
610 1 |a колебания 
610 1 |a механика жидкости 
610 1 |a электростатика 
610 1 |a электрический ток 
610 1 |a заряженные частицы 
675 |a 53(076)  |z rus  |v 4 
702 1 |a Савченко  |b О. Я.  |4 340 
801 0 |a RU  |b RuMRKP  |c 19950417  |g psbo 
801 1 |a RU  |b 63413507  |c 20151204 
801 2 |a RU  |b 63413507  |c 20171018  |g RCR 
942 |c BK